| Tag |
First Indicator |
Second Indicator |
Subfields |
| LEADER |
00000cam a2200000 4500 |
| 001 |
in00000057002 |
| 005 |
20151008050931.0 |
| 008 |
720209s1962 mau b 00000 eng u |
| 010 |
|
|
|a 62010300
|
| 035 |
|
|
|a (OCoLC)00237441
|
| 035 |
|
|
|9 AAG4412AM
|
| 040 |
|
|
|c WSU
|d TXA
|d UtOrBLW
|
| 049 |
|
|
|a TXAM
|c [362330]
|
| 050 |
|
0 |
|a HD9743.U6
|b P4
|
| 092 |
|
|
|a 338.476234
|b P367w
|
| 100 |
1 |
|
|a Peck, Merton J.
|
| 245 |
1 |
4 |
|a The weapons acquisition process ;
|b an economic analysis /
|c [by] Merton J. Peck [and] Frederic M. Scherer.
|
| 264 |
|
1 |
|a Boston :
|b Division of Research, Graduate School of Business Administration, Harvard University,
|c 1962.
|
| 300 |
|
|
|a 736 pages
|
| 336 |
|
|
|a text
|b txt
|2 rdacontent
|
| 337 |
|
|
|a unmediated
|b n
|2 rdamedia
|
| 338 |
|
|
|a volume
|b nc
|2 rdacarrier
|
| 504 |
|
|
|a Bibliography: pages 712-725.
|
| 650 |
|
0 |
|a Weapons industry
|z United States.
|
| 650 |
|
0 |
|a Defense contracts
|z United States.
|
| 651 |
|
0 |
|a United States
|x Armed Forces
|x Procurement.
|
| 650 |
|
0 |
|a Defense industries
|z United States.
|
| 650 |
|
0 |
|a Arms transfers
|z United States.
|
| 650 |
|
0 |
|a Military weapons
|z United States.
|
| 650 |
|
0 |
|a Military supplies
|z United States.
|
| 700 |
1 |
|
|a Scherer, F. M.
|q (Frederic M.)
|
| 999 |
|
|
|a MARS
|
| 999 |
f |
f |
|s e42da01c-bc0a-3c24-9b02-6c3f69c5a951
|i f177565f-8b50-3a31-a454-0f85a3764ced
|t 0
|
| 952 |
f |
f |
|p ric
|a Texas A&M University
|b Rellis Campus
|c Joint Library Facility
|d Remote Storage
|t 0
|e HD9743.U6 P4
|h Library of Congress classification
|i unmediated -- volume
|m A14800765534
|
| 998 |
f |
f |
|a HD9743.U6 P4
|t 0
|l Remote Storage
|